Jesuitas de México : Revista de la Compañía de Jesús : número 17, septiembre-diciembre 1999 /

保存先:
書誌詳細
その他の著者: Basila M., Elías (edición) (edición)
フォーマット: 図書
言語:スペイン語
出版事項: México : Compañía de Jesús, Provincia Mexicana, 1999
タグ: タグ追加
タグなし, このレコードへの初めてのタグを付けませんか!

MARC

LEADER 00000nam^a2200000^a^4500
001 000597234
005 20250521000000.0
009 20260310133122.94
037 |a Acervo ITESO - Biblioteca 
041 |a ESP 
091 |a FCR. 02305 
240 1 1 |a [Jesuitas de México: Revista de la Compañía de Jesús] 
245 0 0 |a Jesuitas de México :  |b Revista de la Compañía de Jesús : número 17, septiembre-diciembre 1999 / 
264 1 |a México :  |b Compañía de Jesús, Provincia Mexicana,  |c 1999 
300 |a 32 p. 
336 |a texto  |b txt  |2 rdacontenido 
337 |a sin mediación  |b n  |2 rdamedio 
338 |a volumen  |b nc  |2 rdasoporte 
649 |a XX 
700 |a Basila M., Elías  |e (edición) 
910 |a Fondo Cristina Romo Gil 
920 |a Impresos - Libros 
930 |a Fondos Especiales 
940 |a Jesuitas 
905 |a 143 
901 |a 613568-10  |b IT2  |c ESP  |i D122809  |u 20250521 
902 |a https://opac.biblio.iteso.mx/vufind/Record/000597234